Nữ tướng Lê Chân (Truyện lịch sử)
Phải chuyển số PL về 895.9223081
Gardado en:
| Autor Principal: | |
|---|---|
| Formato: | Libro |
| Idioma: | Undetermined |
| Publicado: |
Hà Nội
Văn Học
1998
|
| Những chủ đề: | |
| Các nhãn: |
Engadir etiqueta
Sen Etiquetas, Sexa o primeiro en etiquetar este rexistro!
|
| Thư viện lưu trữ: | Trung tâm Học liệu Trường Đại học Cần Thơ |
|---|
| LEADER | 00567nam a2200181Ia 4500 | ||
|---|---|---|---|
| 001 | CTU_32617 | ||
| 008 | 210402s9999 xx 000 0 und d | ||
| 082 | |a 895.9223 | ||
| 082 | |b V600 | ||
| 100 | |a Giang Hà Vy | ||
| 245 | 0 | |a Nữ tướng Lê Chân (Truyện lịch sử) | |
| 245 | 0 | |c Giang Hà Vy, Viết Linh | |
| 260 | |a Hà Nội | ||
| 260 | |b Văn Học | ||
| 260 | |c 1998 | ||
| 520 | |a Phải chuyển số PL về 895.9223081 | ||
| 650 | |a historical fiction, vietnamese | ||
| 980 | |a Trung tâm Học liệu Trường Đại học Cần Thơ | ||